Top English Goalscorer in Premier league per season - Statistics

General Stats
  • This quiz has been taken 505 times
  • The average score is 21 of 28
Answer Stats
Season Club Answer % Correct
2014-2015 Tottenham Hotspur Harry Kane
99%
2015-2016 Tottenham Hotspur Harry Kane
99%
1994-1995 Blackburn Rovers Alan Shearer
93%
1995-1996 Blackburn Rovers Alan Shearer
93%
1996-1997 Newcastle United Alan Shearer
93%
2001-2002 Newcastle Town Alan Shearer
93%
2003-2004 Newcastle Town Alan Shearer
93%
2006-2007 Manchester United Wayne Rooney
89%
2007-2008 Manchester United Wayne Rooney
89%
2009-2010 Manchester United Wayne Rooney
89%
2011-2012 Manchester United Wayne Rooney
89%
1997-1998 Liverpool Michael Owen
85%
1998-1999 Liverpool Michael Owen
85%
2012-2013 Chelsea Frank Lampard
83%
2008-2009 Liverpool Steven Gerrard
78%
1992-1993 Nottingham Forest / Tottenham Hotspur Teddy Sheringham
73%
1993-1994 Newcastle United Andy Cole
72%
2013-2014 Liverpool Daniel Sturridge
72%
2007-2008 Portsmouth/Tottenham Hotspur Jermain Defoe
71%
2005-2006 Charlton Athletic Darren Bent
63%
2010-2011 Sunderland / Aston Villa Darren Bent
63%
1999-2000 Sunderland Kevin Phillips
62%
1997-1998 Coventry City Dion Dublin
60%
1997-1998 Blackburn Rovers Chris Sutton
58%
2012-2013 Southampton Rickie Lambert
43%
2004-2005 Crystal Palace Andy Johnson
37%
2002-2003 Southampton James Beattie
35%
2000-2001 Ipswich Town Marcus Stewart
22%
No matching quizzes found
Score Distribution
Percent of People with Each Score
Percentile by Number Answered
Your Score History
You have not taken this quiz